| 000 | 00873nam a22002537a 4500 | ||
|---|---|---|---|
| 003 | BUBTL | ||
| 008 | 231108b ||||| |||| 00| 0 eng d | ||
| 020 | _a9781259004926 | ||
| 041 | _aeng | ||
| 082 | _a331/ M741i/ 2012 | ||
| 100 |
_95557 _aMonappa, Arun |
||
| 245 |
_aIndustrial relations and labour laws / _c Arun Monappa, Ranjeet Nambudiri, Patturaja Selvaraj |
||
| 250 | _a2nd ed. | ||
| 260 |
_aIndia : _bMcGraw Hill Education (India) Private Limited, _cc2012 |
||
| 300 |
_axxi, 335 p. : _c23 cm. |
||
| 500 | _aIncludes Index | ||
| 505 | _aIndustrial relations and labour laws, labour laws, Arun Monappa, Ranjeet Nambudiri, Patturaja Selvaraj | ||
| 650 | 0 |
_95556 _aSocial Sciences |
|
| 700 |
_95558 _aNambudiri, Ranjeet |
||
| 700 |
_95559 _aSelvaraj, Patturaja |
||
| 856 |
_k0 _l0 _yDownload |
||
| 942 |
_2ddc _cBK |
||
| 999 |
_c7126 _d7126 |
||